000 00892nam a2200253Ia 4500
003 OSt
005 20221005112728.0
006 a|||||r|||| 00| 0
007 ta
008 221004b |||||||| |||| 00| 0 pan d
020 _a9788282992801 (hbk)
_c275
024 _a14156
037 _b892, 08/09/2014, H.K. Prakashan
_cTextual
040 _aCRL
_cCRL
_bpan
041 _2pan
_apan
082 _aO153,3N20,DS, Q3
100 _aਸਹਿਰਾਈ, ਹਰਨਾਮ ਦਾਸ
245 0 _aਦੇਹਿ Fਿਵਾ ਬਰ ਮੋਹਿ ਇਹੈ
260 _aਦਿੱਲੀ
_bਆਰਸੀ ਪਬਲਿFਰਗ਼ ਭਾਰਤ
_c2014
300 _a179ਪੰ
_ccm.
650 _aਪੰਜਾਬੀ ਸਾਹਿਤ
942 _hO153,3N20,DS, Q3
_cTEXL
_2cc
999 _c1025795
_d1025795